Outsourcing - metóda skvalitnenia podnikových procesov

Možnosti outsourcingu v súčasnosti. Podstata a formy outsourcingu. Prínosy a riziká outsourcingu. Business process outsourcing ako jeden z posledných trendov.

Gespeichert in:
Bibliographische Detailangaben
1. Verfasser: Daňo, Ferdinand, 1959-
Weitere Verfasser: Trenčianska, Elena
Format: Buchkapitel
Sprache:Slowakisch
Schlagworte:
Tags: Tag hinzufügen
Keine Tags, Fügen Sie das erste Tag hinzu!

MARC

LEADER 00000nla$a2200000$$$4500
001 0076256
005 20240502071907.2
041 0 |a slo 
044 |a SK 
245 1 0 |a Outsourcing - metóda skvalitnenia podnikových procesov  |c Ferdinand Daňo, Elena Trenčianska 
520 |a Možnosti outsourcingu v súčasnosti. Podstata a formy outsourcingu. Prínosy a riziká outsourcingu. Business process outsourcing ako jeden z posledných trendov. 
610 2 0 |a outsourcing 
610 2 0 |a procesy podnikové 
610 2 0 |a znižovanie nákladov 
610 2 0 |a služby 
100 1 |a Daňo, Ferdinand, 1959- 
700 1 |a Trenčianska, Elena